Substitute Lyrics - Statistics

General Stats
  • This quiz has been taken 9 times
    8 since last reset
  • The average score is 198 of 310
Answer Stats
Answer % Correct
But
100%
Fact
100%
For
100%
I
100%
I'm
100%
It
100%
Lies
100%
Substitute
100%
We
100%
You
100%
Your
100%
A
67%
All
67%
And
67%
Another
67%
Are
67%
Complicated
67%
Eye
67%
Facts
67%
Gin
67%
Good
67%
Guy
67%
Heels
67%
High
67%
Him
67%
I'll
67%
In
67%
It's
67%
Just
67%
Leather
67%
Look
67%
Mack
67%
Made
67%
Me
67%
My
67%
Now
67%
Of
67%
Plastic
67%
Pretty
67%
Right
67%
See
67%
Shoes
67%
Simple
67%
Tall
67%
The
67%
Things
67%
Think
67%
Through
67%
To
67%
Together
67%
Try
67%
What
67%
Yeah
67%
Young
67%
At
33%
Back
33%
Black
33%
Born
33%
By
33%
Coke
33%
Crocodile
33%
Dad
33%
Dare
33%
Dated
33%
Done
33%
East
33%
Eyes
33%
Faced
33%
Facing
33%
Fine
33%
Genuine
33%
Get
33%
Hide
33%
Least
33%
Looking
33%
Mom
33%
Mouth
33%
North
33%
Out
33%
Pass
33%
Problem
33%
Really
33%
Sack
33%
Side
33%
South
33%
Spoon
33%
Suit's
33%
Tears
33%
Those
33%
Town
33%
Was
33%
Washing
33%
White
33%
With
33%
Won't
33%
Work
33%
No matching quizzes found
Score Distribution
Percent of People with Each Score
Percentile by Number Answered
Your Score History
You have not taken this quiz since the last reset